000 00476nam a2200181Ia 4500
005 20250603145312.0
008 250603s9999 xx 000 0 und d
020 _a9780520379558
050 _aPN 1995.7 .D54/
100 _aDienstfrey, Eric
245 0 _aMaking stereo fit : the history of a disquieting film technology
260 _aCalifornia
260 _bUniversity of California Press
260 _c2024
300 _a295 p
650 _aCalifornia
942 _cBK
999 _c41461
_d41461